|
|
|
|
| LEADER |
006300000a22002050004500 |
| 020 |
|
|
|a 81-264-0281-4
|
| 040 |
|
|
|a MAL
|
| 082 |
|
|
|a A1 KUR/ON P5;2
|
| 100 |
|
|
|a Kurup, O N V; Author
|
| 245 |
|
|
|a O N V yude kavithakal: oru brhalsamaahaaram
|
| 250 |
|
|
|a 3rd ed
|
| 260 |
|
|
|a Kottayam, D C Books
|e 2009
|
| 260 |
|
|
|c 2008
|
| 460 |
|
|
|a 1399p
|
| 465 |
|
|
|a Rs.550.00
|
| 500 |
|
|
|a Includes index
|
| 500 |
|
|
|a O N V Kurup
|
| 650 |
|
|
|a Malayalam poetry
|
| 999 |
|
|
|c 43374
|d 43374
|
| 952 |
|
|
|0 0
|1 0
|4 0
|6 A_000000000000000_1_KURON_P52
|7 0
|8 MAL
|9 44013
|a MGUL
|b MGUL
|d 2013-07-16
|e Rs.550.00
|l 4
|o A1 KUR/ON P5;2
|p 41807
|r 2015-07-28
|s 2015-07-22
|w 2013-07-16
|y BK
|